| 000 | 00487cam a2200193ua 4500 | ||
|---|---|---|---|
| 020 | _c175.00 | ||
| 041 |
_aeng _h |
||
| 082 |
_a670 _bPAN/PR |
||
| 100 | _aPandey, P.C . | ||
| 245 |
_aProduction engineering and science / _cP.C Pandey. _hTextual Documents |
||
| 250 |
_a7 / _b. |
||
| 260 |
_aNew Delhi : _bStandard publishers Distributors , _c2006. |
||
| 300 | _a ; . | ||
| 365 | _a175.00 | ||
| 504 | _a | ||
| 700 | 1 | _aSingh, C.K . | |
| 942 | _cBK | ||
| 999 |
_c13500 _d13500 |
||